Uplatnenie 2. etapy ZEUMS v odvetví kultúry SSR záverečná práca postgraduálneho štúdia
Saved in:
| Main Author: | |
|---|---|
| Corporate Author: | |
| Other Authors: | |
| Format: | Book |
| Language: | Slovak |
| Published: |
Bratislava
1987
|
| Tags: |
No Tags, Be the first to tag this record!
|
MARC
| LEADER | 00000nam a2200000 4500 | ||
|---|---|---|---|
| 001 | c022815 | ||
| 005 | 20221219095345.3 | ||
| 041 | 0 | |a slo | |
| 044 | |a SK | ||
| 245 | 1 | 0 | |a Uplatnenie 2. etapy ZEUMS v odvetví kultúry SSR |b záverečná práca postgraduálneho štúdia |c Emil Francisty ; Ved. práce Mikuláš Somoš |
| 264 | 1 | |a Bratislava |c 1987 | |
| 300 | |a 46 s. | ||
| 100 | 1 | |a Francisty, Emil | |
| 700 | 1 | |a Somoš, Mikuláš | |
| 710 | 2 | |a Vysoká škola ekonomická v Bratislave | |